To serve and to protect : Human rights and Humanitarian law for police and security forces (Record no. 612787)
[ view plain ]
| 000 -LEADER | |
|---|---|
| fixed length control field | 00429nam a22001337a 4500 |
| 003 - CONTROL NUMBER IDENTIFIER | |
| control field | NUST |
| 020 ## - INTERNATIONAL STANDARD BOOK NUMBER | |
| International Standard Book Number | 2881450938 |
| 082 ## - DEWEY DECIMAL CLASSIFICATION NUMBER | |
| Classification number | 361.77 |
| Author Mark | ICR 2005 |
| 245 ## - TITLE STATEMENT | |
| Title | To serve and to protect : Human rights and Humanitarian law for police and security forces |
| Statement of responsibility, etc. | ICRC, Rover, C de |
| 260 ## - PUBLICATION, DISTRIBUTION, ETC. | |
| Place of publication, distribution, etc. | Geneva |
| Name of publisher, distributor, etc. | ICRC |
| Date of publication, distribution, etc. | 2005 |
| 300 ## - PHYSICAL DESCRIPTION | |
| Extent | 455p, |
| 650 ## - SUBJECT ADDED ENTRY--TOPICAL TERM | |
| Source of heading or term | International Humanitarian law, Laws of war on Land, Armed conflict |
| 942 ## - ADDED ENTRY ELEMENTS (KOHA) | |
| Source of classification or shelving scheme | |
| Koha item type | Book |
| Withdrawn status | Lost status | Source of classification or shelving scheme | Damaged status | Not for loan | Permanent Location | Current Location | Shelving location | Date acquired | Total Checkouts | Full call number | Barcode | Date last seen | Price effective from | Koha item type |
|---|---|---|---|---|---|---|---|---|---|---|---|---|---|---|
| Centre for International Peace & Stability (CIPS) | Centre for International Peace & Stability (CIPS) | General Stacks | 01/06/2014 | 361.77 ICR 2005 | CIPSD0000037 | 02/03/2025 | 02/03/2025 | Book | ||||||
| Centre for International Peace & Stability (CIPS) | Centre for International Peace & Stability (CIPS) | General Stacks | 01/06/2014 | 361.77 ICR 2005 | CIPSD0000041 | 02/03/2025 | 02/03/2025 | Book | ||||||
| Centre for International Peace & Stability (CIPS) | Centre for International Peace & Stability (CIPS) | General Stacks | 01/06/2014 | 361.77 ICR 2005 | CIPSD0000042 | 02/03/2025 | 02/03/2025 | Book | ||||||
| Centre for International Peace & Stability (CIPS) | Centre for International Peace & Stability (CIPS) | General Stacks | 07/13/2015 | 361.77 ICR 2005 | CIPSD0000370 | 02/03/2025 | 02/03/2025 | Book | ||||||
| Centre for International Peace & Stability (CIPS) | Centre for International Peace & Stability (CIPS) | General Stacks | 07/13/2015 | 361.77 ICR 2005 | CIPSD0000371 | 02/03/2025 | 02/03/2025 | Book | ||||||
| Centre for International Peace & Stability (CIPS) | Centre for International Peace & Stability (CIPS) | General Stacks | 07/13/2015 | 361.77 ICR 2005 | CIPSD0000372 | 02/03/2025 | 02/03/2025 | Book | ||||||
| Centre for International Peace & Stability (CIPS) | Centre for International Peace & Stability (CIPS) | General Stacks | 07/13/2015 | 361.77 ICR 2005 | CIPSD0000373 | 02/03/2025 | 02/03/2025 | Book | ||||||
| Centre for International Peace & Stability (CIPS) | Centre for International Peace & Stability (CIPS) | General Stacks | 07/13/2015 | 361.77 ICR 2005 | CIPSD0000374 | 02/03/2025 | 02/03/2025 | Book |
